[Event "11. Abierto de la Constitucion"]
[Site "S.S. de los Reyes ESP"]
[Date "2009.11.30"]
[Round "1.2"]
[White "Rial Rodriguez, Javier"]
[Black "Barria Zuñiga, Daniel"]
[Result "0-1"]
[WhiteElo "1786"]
[BlackElo "2429"]
[PlyCount "58"]
[EventDate "2009.11.30"]
[EventType "swiss"]
[EventRounds "9"]
[EventCountry "ESP"]
[Source "lmi"]
[SourceDate "2009.11.30"]

1. e4 c5 2. c3 d5 3. e5 Nc6 4. d4 Bf5 5. a3 e6 6. b4 cxd4 7. cxd4 Rc8 8. Bb2
Nh6 9. Nd2 f6 10. Ngf3 fxe5 11. Nxe5 Nxe5 12. dxe5 Be7 13. Bb5+ Kf7 14. O-O Rf8
15. Nb3 Bc2 16. Qh5+ Bg6 17. Qh3 Bf5 18. Qe3 a6 19. Be2 Kg8 20. Nd4 Qd7 21.
Nxf5 Nxf5 22. Qd2 Bd8 23. Rac1 Rxc1 24. Rxc1 Bb6 25. Bg4 Nh6 26. Bf3 Qe7 27.
Bd4 Bxd4 28. Qxd4 Rxf3 29. gxf3 Qg5+ 0-1

[Event "11. Abierto de la Constitucion"]
[Site "S.S. de los Reyes ESP"]
[Date "2009.11.30"]
[Round "1.3"]
[White "Candela Perez, Jose"]
[Black "De La Orden Alcocer, Alejandro"]
[Result "1-0"]
[WhiteElo "2416"]
[BlackElo "1780"]
[PlyCount "125"]
[EventDate "2009.11.30"]
[EventType "swiss"]
[EventRounds "9"]
[EventCountry "ESP"]
[Source "lmi"]
[SourceDate "2009.11.30"]

1. e4 Nf6 2. e5 Nd5 3. d4 d6 4. c4 Nb6 5. exd6 exd6 6. Bd3 Be7 7. h3 Bf6 8. Nf3
Nc6 9. Be3 O-O 10. Nbd2 Re8 11. O-O d5 12. c5 Nd7 13. Qb1 Nf8 14. b4 g6 15. b5
Na5 16. Qb4 c6 17. Nb3 Nc4 18. Bxc4 dxc4 19. Qxc4 Be6 20. Qb4 Bd5 21. Nbd2 Qd7
22. a4 Qf5 23. Qb1 Qh5 24. Kh2 Be6 25. Ne4 Be7 26. Ne5 f5 27. Ng3 Qh4 28. Nf3
Qf6 29. Bg5 Qg7 30. Bxe7 Qxe7 31. Re1 Qc7 32. Kg1 Bd5 33. Qd3 Ne6 34. Ne2 Rad8
35. Nd2 Nf4 36. Nxf4 Qxf4 37. Nc4 Qg5 38. f3 Qg3 39. Ne5 Bf7 40. Qc3 Bd5 41.
Re2 Re6 42. Rae1 Rde8 43. Qb2 g5 44. Nd3 g4 45. Rxe6 Rxe6 46. Rxe6 Bxe6 47. Qf2
Qxf2+ 48. Kxf2 gxh3 49. gxh3 cxb5 50. a5 Kg7 51. Ke3 Kf6 52. Kf4 Bc4 53. Nb4
Ke6 54. Kg5 Be2 55. d5+ Kd7 56. f4 Bf1 57. h4 Bh3 58. Kh6 Bg2 59. Kxh7 Bxd5 60.
h5 b6 61. cxb6 axb6 62. a6 Kd6 63. Nxd5 1-0

[Event "11. Abierto de la Constitucion"]
[Site "S.S. de los Reyes ESP"]
[Date "2009.11.30"]
[Round "1.4"]
[White "Ananian, Arman"]
[Black "Roa Alonso, Santiago"]
[Result "0-1"]
[WhiteElo "1777"]
[BlackElo "2412"]
[PlyCount "72"]
[EventDate "2009.11.30"]
[EventType "swiss"]
[EventRounds "9"]
[EventCountry "ESP"]
[Source "lmi"]
[SourceDate "2009.11.30"]

1. e4 c5 2. Nf3 d6 3. d4 cxd4 4. Nxd4 Nf6 5. Nc3 a6 6. Bg5 e6 7. f4 Nbd7 8. Qf3
Qc7 9. O-O-O Be7 10. g4 b5 11. a3 Bb7 12. Kb1 Qb6 13. f5 Ne5 14. Qf4 Rc8 15.
Bxf6 Bxf6 16. fxe6 O-O 17. e7 Bxe7 18. Nf5 Qc7 19. Bd3 Ng6 20. Qg3 Bf6 21. Nd5
Bxd5 22. exd5 Be5 23. Qf3 b4 24. axb4 a5 25. b5 a4 26. c4 a3 27. bxa3 Qa5 28.
Bf1 Bc3 29. Rc1 Bd2 30. Rc2 Rfe8 31. Qd3 Re1+ 32. Ka2 Bb4 33. Bg2 Rce8 34. Rxe1
Rxe1 35. Qb3 Bxa3 36. Qc3 Bb4+ 0-1

[Event "11. Abierto de la Constitucion"]
[Site "S.S. de los Reyes ESP"]
[Date "2009.11.30"]
[Round "1.5"]
[White "Hernando Pertierra, Jose C"]
[Black "Prieto Velasco, Rafael"]
[Result "1-0"]
[WhiteElo "2374"]
[BlackElo "1762"]
[PlyCount "53"]
[EventDate "2009.11.30"]
[EventType "swiss"]
[EventRounds "9"]
[EventCountry "ESP"]
[Source "lmi"]
[SourceDate "2009.11.30"]

1. Nf3 f5 2. d4 Nf6 3. g3 g6 4. c3 d6 5. Bg2 Bg7 6. Qb3 Nc6 7. O-O e6 8. Nbd2
O-O 9. Ne1 d5 10. Nd3 g5 11. Nf3 Ne4 12. Nfe5 Nd6 13. f4 g4 14. e3 Nxe5 15.
fxe5 Nf7 16. Nf4 c6 17. c4 Ng5 18. Bd2 a5 19. Qc2 Ne4 20. Bxe4 fxe4 21. Rf2 Qg5
22. Raf1 Re8 23. b3 Qe7 24. a4 b5 25. axb5 cxb5 26. cxd5 exd5 27. Nxd5 1-0

[Event "11. Abierto de la Constitucion"]
[Site "S.S. de los Reyes ESP"]
[Date "2009.11.30"]
[Round "1.6"]
[White "Garcia Fernandez, Antolin"]
[Black "Taboas Rodriguez, Daniel"]
[Result "0-1"]
[WhiteElo "1747"]
[BlackElo "2359"]
[PlyCount "48"]
[EventDate "2009.11.30"]
[EventType "swiss"]
[EventRounds "9"]
[EventCountry "ESP"]
[Source "lmi"]
[SourceDate "2009.11.30"]

1. e4 e6 2. d4 d5 3. Nc3 Nf6 4. e5 Nfd7 5. f4 c5 6. Nf3 Nc6 7. Ne2 Qb6 8. c3 f6
9. exf6 Nxf6 10. Ne5 Bd6 11. Nxc6 bxc6 12. g3 O-O 13. Bh3 cxd4 14. cxd4 c5 15.
Be3 Qxb2 16. dxc5 Qb4+ 17. Qd2 Bxc5 18. Qxb4 Bxb4+ 19. Kd1 a5 20. a3 Bd6 21.
Nd4 e5 22. Bxc8 Raxc8 23. Nb5 Bc5 24. Bxc5 Rxc5 0-1

[Event "11. Abierto de la Constitucion"]
[Site "S.S. de los Reyes ESP"]
[Date "2009.11.30"]
[Round "1.7"]
[White "Ortega Ruiz, Jose Miguel"]
[Black "Martinez Miura, Enrique"]
[Result "1-0"]
[WhiteElo "2326"]
[BlackElo "1747"]
[PlyCount "45"]
[EventDate "2009.11.30"]
[EventType "swiss"]
[EventRounds "9"]
[EventCountry "ESP"]
[Source "lmi"]
[SourceDate "2009.11.30"]

1. d4 e6 2. c4 d5 3. Nc3 Nf6 4. Nf3 c6 5. e3 Be7 6. Bd3 Nbd7 7. O-O O-O 8. e4
dxe4 9. Nxe4 Nxe4 10. Bxe4 Nf6 11. Bc2 c5 12. Qe2 cxd4 13. Rd1 Qc7 14. Rxd4 Bd7
15. Rh4 Rac8 16. b3 b5 17. Bf4 Qc5 18. Be5 g6 19. Bd4 Qc7 20. Ng5 bxc4 21. Nxh7
Nxh7 22. Rxh7 f5 23. Rg7+ 1-0

[Event "11. Abierto de la Constitucion"]
[Site "S.S. de los Reyes ESP"]
[Date "2009.11.30"]
[Round "1.8"]
[White "Garcia Martinez, Jorge"]
[Black "Madina Yadarola, Martin"]
[Result "0-1"]
[WhiteElo "1738"]
[BlackElo "2265"]
[PlyCount "56"]
[EventDate "2009.11.30"]
[EventType "swiss"]
[EventRounds "9"]
[EventCountry "ESP"]
[Source "lmi"]
[SourceDate "2009.11.30"]

1. e4 g6 2. d4 Bg7 3. Nc3 c6 4. Be3 d6 5. Qd2 b5 6. Nf3 Nf6 7. Bd3 Ng4 8. Bf4
e5 9. dxe5 dxe5 10. Bg3 f6 11. Nxb5 cxb5 12. Bxb5+ Ke7 13. Qb4+ Qd6 14. Qxd6+
Kxd6 15. O-O-O+ Ke7 16. Rd3 Be6 17. Rhd1 a6 18. Ba4 Ra7 19. Rd6 Nh6 20. Rb6 Nf7
21. Ne1 Rc8 22. f3 Bh6+ 23. Kb1 Be3 24. Rb4 a5 25. Rb5 Nd6 26. Rb3 Bxb3 27.
Bxb3 Nc4 28. Ka1 a4 0-1

[Event "11. Abierto de la Constitucion"]
[Site "S.S. de los Reyes ESP"]
[Date "2009.11.30"]
[Round "1.9"]
[White "Gemy Vargas, Jose Daniel"]
[Black "Rollano Carcajona, Ruben"]
[Result "1-0"]
[WhiteElo "2187"]
[BlackElo "1718"]
[PlyCount "87"]
[EventDate "2009.11.30"]
[EventType "swiss"]
[EventRounds "9"]
[EventCountry "ESP"]
[Source "lmi"]
[SourceDate "2009.11.30"]

1. d4 d5 2. Nf3 Nf6 3. c4 c6 4. e3 g6 5. Nc3 Bg7 6. Bd3 O-O 7. Qc2 Bg4 8. Ne5
Nbd7 9. Nxg4 Nxg4 10. cxd5 cxd5 11. Nxd5 Nde5 12. Nc3 Nxd3+ 13. Qxd3 Rc8 14.
Qe2 f5 15. h3 Nf6 16. O-O Re8 17. Qb5 b6 18. Rd1 e6 19. Bd2 Bf8 20. a4 a5 21.
Qb3 Nd5 22. e4 fxe4 23. Nxe4 Bg7 24. Be3 h6 25. Rac1 Rxc1 26. Rxc1 Re7 27. Qb5
Rf7 28. Qc6 Qd7 29. Qxd7 Rxd7 30. Rc6 Kf7 31. Nd6+ Ke7 32. Nc8+ Kf7 33. b3 Ne7
34. Nd6+ Kg8 35. Rxb6 Nd5 36. Rb8+ Kh7 37. Nc4 Nb4 38. Nxa5 Nc2 39. Rb7 Rxb7
40. Nxb7 Nxd4 41. Bxd4 Bxd4 42. b4 Kg7 43. Nc5 Kf7 44. a5 1-0

[Event "11. Abierto de la Constitucion"]
[Site "S.S. de los Reyes ESP"]
[Date "2009.11.30"]
[Round "1.10"]
[White "Fernandez Gil, Ruben Carlos"]
[Black "Semprun Martinez, Fernando"]
[Result "0-1"]
[WhiteElo "1662"]
[BlackElo "2170"]
[PlyCount "42"]
[EventDate "2009.11.30"]
[EventType "swiss"]
[EventRounds "9"]
[EventCountry "ESP"]
[Source "lmi"]
[SourceDate "2009.11.30"]

1. d4 Nf6 2. c4 c5 3. d5 e6 4. Nc3 exd5 5. cxd5 d6 6. e4 g6 7. Nf3 Bg7 8. Bd3
O-O 9. O-O a6 10. Nd2 b5 11. a4 b4 12. Ne2 Nbd7 13. f4 Re8 14. Ng3 h5 15. Re1
Ng4 16. Nf3 c4 17. Be3 Nxe3 18. Rxe3 Qb6 19. Qe2 cxd3 20. Qxd3 Nc5 21. Qe2 Nxe4
0-1

[Event "11. Abierto de la Constitucion"]
[Site "S.S. de los Reyes ESP"]
[Date "2009.11.30"]
[Round "1.11"]
[White "Barez Menendez, Hector"]
[Black "Garcia Lopez, Fernando"]
[Result "1-0"]
[WhiteElo "2144"]
[BlackElo "1658"]
[PlyCount "76"]
[EventDate "2009.11.30"]
[EventType "swiss"]
[EventRounds "9"]
[EventCountry "ESP"]
[Source "lmi"]
[SourceDate "2009.11.30"]

1. Nf3 Nf6 2. c4 e6 3. d4 d5 4. Nc3 c6 5. cxd5 cxd5 6. Bf4 Nc6 7. e3 a6 8. Bd3
Ne7 9. O-O Ng6 10. Bg3 Be7 11. h3 O-O 12. Rc1 Bd7 13. Ne5 Nxe5 14. dxe5 Ne8 15.
e4 d4 16. Ne2 Qb6 17. Rc2 Bc6 18. f4 Bxe4 19. Bf2 Bxd3 20. Qxd3 Bc5 21. Rfc1
Rc8 22. Kh1 Rc6 23. Nxd4 Bxd4 24. Rxc6 bxc6 25. Bxd4 c5 26. Bxc5 Qxb2 27. Rb1
Qxa2 28. Bxf8 Kxf8 29. Rb8 Qa1+ 30. Kh2 Qa4 31. Kg3 g6 32. Qd6+ Kg7 33. Qe7 Qe4
34. Rb4 Qe1+ 35. Kh2 Nc7 36. Rb7 Qe4 37. Qf6+ Kh6 38. Rxc7 Qxg2+ 1-0

[Event "11. Abierto de la Constitucion"]
[Site "S.S. de los Reyes ESP"]
[Date "2009.11.30"]
[Round "1.12"]
[White "Lopez Galindo, Pablo"]
[Black "Berzal Llorente, Jorge"]
[Result "0-1"]
[WhiteElo "1623"]
[BlackElo "2122"]
[PlyCount "68"]
[EventDate "2009.11.30"]
[EventType "swiss"]
[EventRounds "9"]
[EventCountry "ESP"]
[Source "lmi"]
[SourceDate "2009.11.30"]

1. e4 c5 2. Nf3 d6 3. c3 g6 4. h3 Bg7 5. Bd3 Nc6 6. Bc2 Nf6 7. O-O O-O 8. d4
cxd4 9. cxd4 Qb6 10. Re1 Nd7 11. Be3 Qxb2 12. Nbd2 Nxd4 13. Nxd4 Bxd4 14. Rb1
Qc3 15. Rb3 Qc5 16. Nf1 Bxe3 17. Nxe3 Ne5 18. Qd2 b6 19. Rc3 Qa5 20. Bb3 Be6
21. Bxe6 fxe6 22. Qc2 Nd7 23. Re2 Qg5 24. Nf1 Nc5 25. Rg3 Qe5 26. Nd2 Rac8 27.
Qb1 Na4 28. Qb3 Rc1+ 29. Kh2 Nc5 30. Qe3 Rc2 31. Nf3 Rxe2 32. Qxe2 Qxe4 33. Qd2
Qf4 34. Qc2 Ne4 0-1

[Event "11. Abierto de la Constitucion"]
[Site "S.S. de los Reyes ESP"]
[Date "2009.11.30"]
[Round "1.13"]
[White "Suarez Uriel, Adrian"]
[Black "Jimenez Vera, Ruben"]
[Result "1-0"]
[WhiteElo "2119"]
[BlackElo "1554"]
[PlyCount "51"]
[EventDate "2009.11.30"]
[EventType "swiss"]
[EventRounds "9"]
[EventCountry "ESP"]
[Source "lmi"]
[SourceDate "2009.11.30"]

1. e4 e5 2. Nf3 Nf6 3. Nc3 Nc6 4. d4 d6 5. dxe5 dxe5 6. Qxd8+ Kxd8 7. Bg5 Bc5
8. O-O-O+ Ke7 9. Nd5+ Kf8 10. Nxf6 gxf6 11. Bxf6 Rg8 12. Nxe5 Be7 13. Bxe7+
Kxe7 14. Nxc6+ bxc6 15. Rd3 Ba6 16. Rg3 Bxf1 17. Rxf1 Rge8 18. Rh3 Kf6 19. Re1
Kg7 20. f4 Rad8 21. Rd3 Rb8 22. e5 Rb4 23. g3 h5 24. Rd7 Reb8 25. b3 R8b7 26.
e6 1-0

[Event "11. Abierto de la Constitucion"]
[Site "S.S. de los Reyes ESP"]
[Date "2009.11.30"]
[Round "1.14"]
[White "Infante Martin, Alonso"]
[Black "Castejon Caballero, Natalia"]
[Result "0-1"]
[WhiteElo "1518"]
[BlackElo "2102"]
[PlyCount "68"]
[EventDate "2009.11.30"]
[EventType "swiss"]
[EventRounds "9"]
[EventCountry "ESP"]
[Source "lmi"]
[SourceDate "2009.11.30"]

1. d4 d5 2. c4 c6 3. Nf3 Nf6 4. Bg5 Ne4 5. Bf4 g6 6. Qc2 Bg7 7. e3 Nd7 8. Nc3
Ndf6 9. h3 O-O 10. Bd3 Be6 11. b3 Qa5 12. Rc1 Rac8 13. O-O b5 14. c5 Nxc3 15.
Qxc3 b4 16. Qc2 Nh5 17. Bh2 Qd8 18. Ng5 Bd7 19. Be2 Bf5 20. e4 dxe4 21. Bxh5
gxh5 22. Nxe4 Qxd4 23. Rfe1 Bh6 24. Rcd1 Qg7 25. Qe2 Bxh3 26. Ng3 Bg4 27. f3
Be6 28. Nxh5 Qg6 29. Ng3 Bg5 30. Ne4 Bh4 31. Rf1 f5 32. Nf2 f4 33. Nd3 Bg3 34.
Ne5 Qh6 0-1

[Event "11. Abierto de la Constitucion"]
[Site "S.S. de los Reyes ESP"]
[Date "2009.12.01"]
[Round "2.2"]
[White "Castejon Caballero, Natalia"]
[Black "Candela Perez, Jose"]
[Result "0-1"]
[WhiteElo "2102"]
[BlackElo "2416"]
[PlyCount "88"]
[EventDate "2009.11.30"]
[EventType "swiss"]
[EventRounds "9"]
[EventCountry "ESP"]
[Source "lmi"]
[SourceDate "2009.11.30"]

1. e4 c5 2. c3 Nf6 3. e5 Nd5 4. d4 cxd4 5. Nf3 e6 6. cxd4 d6 7. Bc4 Nc6 8. O-O
Be7 9. Qe2 O-O 10. Rd1 Qc7 11. Bb3 Bd7 12. Na3 dxe5 13. Nb5 Qb6 14. Bxd5 exd5
15. dxe5 Nxe5 16. Qxe5 Bf6 17. Qd6 Bxb5 18. Qxb6 axb6 19. Rxd5 Bc4 20. Rd7 Rfd8
21. Rxd8+ Rxd8 22. Bd2 Bd5 23. Bg5 Bxb2 24. Rb1 Bxa2 25. Bxd8 Bxb1 26. Bxb6 f6
27. Nd4 Kf7 28. Kf1 Bd3+ 29. Ke1 Bc3+ 30. Kd1 Ke7 31. Nb3 Be4 32. f3 Bd5 33.
Nd4 g6 34. Kc2 Bb4 35. Kd3 Kd6 36. Bd8 f5 37. Nb5+ Kc5 38. Nc7 Bc4+ 39. Ke3 Kc6
40. Kd4 Bf7 41. Na8 b5 42. Ke5 Bc3+ 43. Kf4 b4 44. Nb6 Bd4 0-1

[Event "11. Abierto de la Constitucion"]
[Site "S.S. de los Reyes ESP"]
[Date "2009.12.01"]
[Round "2.3"]
[White "Roa Alonso, Santiago"]
[Black "Esquivias Gomez, Fco. Javier"]
[Result "1/2-1/2"]
[WhiteElo "2412"]
[BlackElo "2004"]
[PlyCount "67"]
[EventDate "2009.11.30"]
[EventType "swiss"]
[EventRounds "9"]
[EventCountry "ESP"]
[Source "lmi"]
[SourceDate "2009.11.30"]

1. e4 Nf6 2. e5 Nd5 3. d4 d6 4. Nf3 Bg4 5. Be2 e6 6. h3 Bh5 7. c4 Nb6 8. exd6
cxd6 9. Be3 Be7 10. Qb3 O-O 11. a4 d5 12. c5 Bxf3 13. gxf3 Nc4 14. Bxc4 dxc4
15. Qxb7 Nd7 16. Qb5 e5 17. Qxc4 exd4 18. Bxd4 Bxc5 19. Bxc5 Nxc5 20. O-O Rc8
21. Ra3 Ne6 22. Qe4 Ng5 23. Qg4 f5 24. Qg2 Rf6 25. f4 Ne4 26. Qf3 Rg6+ 27. Kh2
Qh4 28. Nc3 Nf6 29. Nd5 Ne4 30. Ne3 Nd2 31. Qd5+ Kh8 32. Qxd2 Qxf4+ 33. Kh1
Qf3+ 34. Kh2 1/2-1/2

[Event "11. Abierto de la Constitucion"]
[Site "S.S. de los Reyes ESP"]
[Date "2009.12.01"]
[Round "2.4"]
[White "Perez Cameselle, Francisco"]
[Black "Hernando Pertierra, Jose C"]
[Result "0-1"]
[WhiteElo "1930"]
[BlackElo "2374"]
[PlyCount "34"]
[EventDate "2009.11.30"]
[EventType "swiss"]
[EventRounds "9"]
[EventCountry "ESP"]
[Source "lmi"]
[SourceDate "2009.11.30"]

1. Nf3 Nf6 2. g3 d5 3. Bg2 c6 4. d3 Bg4 5. h3 Bxf3 6. Bxf3 Nbd7 7. Bg2 e6 8.
Nd2 Bc5 9. O-O Qc7 10. Kh2 h5 11. Nb3 Ng4+ 12. hxg4 hxg4+ 13. Bh3 Rxh3+ 14. Kg2
Bxf2 15. Bf4 Rxg3+ 16. Kxf2 Qxf4+ 17. Ke1 Qe3 0-1

[Event "11. Abierto de la Constitucion"]
[Site "S.S. de los Reyes ESP"]
[Date "2009.12.01"]
[Round "2.5"]
[White "Taboas Rodriguez, Daniel"]
[Black "Iagar, Razvan-Gabriel"]
[Result "1-0"]
[WhiteElo "2359"]
[BlackElo "1971"]
[PlyCount "57"]
[EventDate "2009.11.30"]
[EventType "swiss"]
[EventRounds "9"]
[EventCountry "ESP"]
[Source "lmi"]
[SourceDate "2009.11.30"]

1. d4 f5 2. Bg5 g6 3. Nd2 Bg7 4. e4 fxe4 5. Nxe4 Nf6 6. Nxf6+ exf6 7. Qe2+ Qe7
8. Qxe7+ Kxe7 9. Bf4 d6 10. O-O-O Re8 11. Ne2 Be6 12. Nc3 a6 13. h4 Nd7 14. h5
f5 15. Be2 Nf6 16. Bf3 Rab8 17. Rh4 Bf7 18. hxg6 hxg6 19. Bg5 Kd7 20. Rdh1 b6
21. b4 Rh8 22. a4 Rxh4 23. Rxh4 Rh8 24. Rxh8 Bxh8 25. Kd2 Ng8 26. Kd3 Ne7 27.
Bxe7 Kxe7 28. a5 b5 29. Nxb5 1-0

[Event "11. Abierto de la Constitucion"]
[Site "S.S. de los Reyes ESP"]
[Date "2009.12.01"]
[Round "2.6"]
[White "Montero Garcia, Fco Javier"]
[Black "Ortega Ruiz, Jose Miguel"]
[Result "0-1"]
[WhiteElo "1909"]
[BlackElo "2326"]
[PlyCount "70"]
[EventDate "2009.11.30"]
[EventType "swiss"]
[EventRounds "9"]
[EventCountry "ESP"]
[Source "lmi"]
[SourceDate "2009.11.30"]

1. e4 d5 2. exd5 Qxd5 3. Nc3 Qa5 4. d4 Nf6 5. Nf3 Bg4 6. h3 Bh5 7. g4 Bg6 8.
Ne5 e6 9. Bd2 c6 10. Nxg6 hxg6 11. Bg2 Qb6 12. Qe2 Qxd4 13. O-O-O Nbd7 14. g5
Nh5 15. Be3 Qe5 16. Rxd7 Kxd7 17. Rd1+ Ke8 18. Qc4 Rc8 19. Qa4 Bc5 20. Bxc5
Qxc5 21. Ne4 Qb6 22. Nd6+ Ke7 23. Qa3 c5 24. Qf3 Rhf8 25. Nxc8+ Rxc8 26. Qxb7+
Qxb7 27. Bxb7 Rc7 28. Bf3 Nf4 29. h4 Nh3 30. Rf1 Rd7 31. Bg2 Nf4 32. Bf3 Rd4
33. c3 Ra4 34. a3 Nd3+ 35. Kc2 Ne5 0-1

[Event "11. Abierto de la Constitucion"]
[Site "S.S. de los Reyes ESP"]
[Date "2009.12.01"]
[Round "2.7"]
[White "Madina Yadarola, Martin"]
[Black "Camarero Izquierdo, Juan Carlos"]
[Result "1-0"]
[WhiteElo "2265"]
[BlackElo "1930"]
[PlyCount "55"]
[EventDate "2009.11.30"]
[EventType "swiss"]
[EventRounds "9"]
[EventCountry "ESP"]
[Source "lmi"]
[SourceDate "2009.11.30"]

1. b3 e5 2. Bb2 Nc6 3. e3 d6 4. c4 Be6 5. Nc3 Qd7 6. Nf3 Be7 7. d4 exd4 8. exd4
Bg4 9. Be2 Bxf3 10. Bxf3 Nh6 11. O-O O-O-O 12. Nd5 g5 13. b4 g4 14. Be2 Rde8
15. b5 Nd8 16. c5 f5 17. c6 Qe6 18. Bc4 Qg6 19. Qa4 Kb8 20. cxb7 Nxb7 21. Nb4
Nd8 22. Qa6 c5 23. Nc6+ Kc7 24. Qa5+ Kc8 25. Qxa7 Bf6 26. b6 Re7 27. Qb8+ Kd7
28. Qc7+ 1-0

[Event "11. Abierto de la Constitucion"]
[Site "S.S. de los Reyes ESP"]
[Date "2009.12.01"]
[Round "2.8"]
[White "Vidaurre Vargas, Luis Alberto"]
[Black "Gemy Vargas, Jose Daniel"]
[Result "1/2-1/2"]
[WhiteElo "1879"]
[BlackElo "2187"]
[PlyCount "52"]
[EventDate "2009.11.30"]
[EventType "swiss"]
[EventRounds "9"]
[EventCountry "ESP"]
[Source "lmi"]
[SourceDate "2009.11.30"]

1. d4 Nf6 2. c4 e5 3. d5 Bb4+ 4. Bd2 Qe7 5. Nc3 a5 6. Nf3 d6 7. e3 h6 8. Be2
Nbd7 9. O-O g5 10. a3 Bxc3 11. Bxc3 a4 12. Nd2 h5 13. b4 axb3 14. Nxb3 g4 15.
Qc2 b6 16. a4 Nc5 17. a5 Ba6 18. axb6 cxb6 19. Nxc5 bxc5 20. Ra5 O-O 21. Rfa1
Bb7 22. Qf5 Rfd8 23. Qg5+ Kf8 24. Qh6+ Kg8 25. Qg5+ Kf8 26. Qh6+ Kg8 1/2-1/2

[Event "11. Abierto de la Constitucion"]
[Site "S.S. de los Reyes ESP"]
[Date "2009.12.01"]
[Round "2.9"]
[White "Semprun Martinez, Fernando"]
[Black "Orellana Illescas, Julio"]
[Result "1-0"]
[WhiteElo "2170"]
[BlackElo "1816"]
[PlyCount "58"]
[EventDate "2009.11.30"]
[EventType "swiss"]
[EventRounds "9"]
[EventCountry "ESP"]
[Source "lmi"]
[SourceDate "2009.11.30"]

1. e4 e6 2. d4 d5 3. Nc3 Bb4 4. e5 c5 5. a3 Ba5 6. b4 cxb4 7. Nb5 b3+ 8. c3 Bc7
9. Qxb3 Nc6 10. a4 Nge7 11. Ba3 O-O 12. Bd3 f6 13. f4 a6 14. Nxc7 Qxc7 15. Nf3
Re8 16. O-O Na5 17. Qc2 f5 18. Bd6 Qd8 19. Rfb1 Bd7 20. Bc5 Nc8 21. g4 g6 22.
gxf5 exf5 23. h4 b6 24. Bb4 Nc4 25. Bxc4 dxc4 26. d5 Na7 27. Qf2 a5 28. Ba3 Rb8
29. Qd4 Bc6 1-0

[Event "11. Abierto de la Constitucion"]
[Site "S.S. de los Reyes ESP"]
[Date "2009.12.01"]
[Round "2.10"]
[White "Alvarez Gonzalez, Eduardo"]
[Black "Barez Menendez, Hector"]
[Result "0-1"]
[WhiteElo "1868"]
[BlackElo "2144"]
[PlyCount "94"]
[EventDate "2009.11.30"]
[EventType "swiss"]
[EventRounds "9"]
[EventCountry "ESP"]
[Source "lmi"]
[SourceDate "2009.11.30"]

1. d4 d5 2. c4 Nc6 3. cxd5 Qxd5 4. e3 e5 5. Nc3 Bb4 6. Bd2 Bxc3 7. bxc3 Nf6 8.
Qb3 Qd6 9. Ne2 O-O 10. Ng3 h5 11. Bd3 Be6 12. Qc2 Rad8 13. O-O exd4 14. cxd4
Nxd4 15. exd4 Qxd4 16. Bg5 Qxd3 17. Qxc7 Rd7 18. Qc1 Ne4 19. Nxh5 Qd5 20. h4 f6
21. Nf4 Qf5 22. Nxe6 Qxe6 23. Be3 b6 24. Rd1 Nd6 25. Bf4 Nf5 26. Rxd7 Qxd7 27.
Qc4+ Kh8 28. g3 Re8 29. Rc1 Nd4 30. Be3 Nf3+ 31. Kg2 Ne5 32. Qc7 Qd5+ 33. Kg1
Nf3+ 34. Kf1 Qd3+ 35. Kg2 Ne5 36. Qxa7 Qe4+ 37. Kg1 Nf3+ 38. Kf1 Nh2+ 39. Kg1
Nf3+ 40. Kf1 Qd3+ 41. Kg2 Rxe3 42. Qa8+ Kh7 43. fxe3 Qe2+ 44. Kh3 Qh2+ 45. Kg4
Ne5+ 46. Kf5 Qh3+ 47. Ke4 Qg2+ 0-1

[Event "11. Abierto de la Constitucion"]
[Site "S.S. de los Reyes ESP"]
[Date "2009.12.01"]
[Round "2.12"]
[White "Nieto Esteban, Manuel"]
[Black "Suarez Uriel, Adrian"]
[Result "1/2-1/2"]
[WhiteElo "1801"]
[BlackElo "2119"]
[PlyCount "98"]
[EventDate "2009.11.30"]
[EventType "swiss"]
[EventRounds "9"]
[EventCountry "ESP"]
[Source "lmi"]
[SourceDate "2009.11.30"]

1. d4 Nf6 2. Nf3 g6 3. Bf4 Bg7 4. e3 d6 5. Bd3 Nbd7 6. Nbd2 O-O 7. O-O Re8 8.
e4 e5 9. dxe5 dxe5 10. Bg5 c6 11. Nb3 Qc7 12. Qe2 h6 13. Be3 b6 14. h3 Bb7 15.
Nfd2 c5 16. Ba6 Nxe4 17. Nxe4 Bxe4 18. Rad1 Bc6 19. c3 Rad8 20. Qg4 Nf6 21. Qh4
Nh5 22. Qc4 Nf4 23. Bxf4 exf4 24. Bb5 f3 25. Bxc6 Qxc6 26. g3 Be5 27. Rfe1 Qc7
28. Qg4 Rxd1 29. Rxd1 Qc6 30. Rd3 c4 31. Nd4 Bxd4 32. Rxd4 h5 33. Qf4 Qe6 34.
Qxf3 Qxh3 35. Re4 Rxe4 36. Qxe4 Qe6 37. Qa8+ Kg7 38. Qxa7 h4 39. gxh4 Qg4+ 40.
Kf1 Qh3+ 41. Kg1 Qg4+ 42. Kf1 Qd1+ 43. Kg2 Qd5+ 44. Kg3 Qd6+ 45. Kg2 Qd5+ 46.
Kg3 Qd3+ 47. Kg2 Qe4+ 48. Kg3 Qe5+ 49. Kg2 Qd5+ 1/2-1/2

[Event "11. Abierto de la Constitucion"]
[Site "S.S. de los Reyes ESP"]
[Date "2009.12.01"]
[Round "2.13"]
[White "Cerrato Torrijos, Maria"]
[Black "Elissalt Cardenas, Hector"]
[Result "1/2-1/2"]
[WhiteElo "1973"]
[BlackElo "2358"]
[PlyCount "98"]
[EventDate "2009.11.30"]
[EventType "swiss"]
[EventRounds "9"]
[EventCountry "ESP"]
[Source "lmi"]
[SourceDate "2009.11.30"]

1. e4 c5 2. Nf3 e6 3. d4 cxd4 4. Nxd4 a6 5. Be2 Nf6 6. Nc3 Qc7 7. O-O b5 8. Bf3
e5 9. Nf5 b4 10. Nd5 Nxd5 11. Qxd5 Bb7 12. Qd3 a5 13. Rd1 Na6 14. Be3 g6 15.
Bb6 Qc6 16. Nd6+ Qxd6 17. Qxd6 Bxd6 18. Rxd6 Nb8 19. Bc7 Ke7 20. Rb6 Bc6 21.
Bxe5 f6 22. Bg3 h5 23. Rd1 Rc8 24. Bh4 g5 25. Bg3 g4 26. Be2 Bxe4 27. Re1 Kf7
28. Bxb8 Raxb8 29. Rxb8 Rxb8 30. Bc4+ d5 31. Rxe4 dxc4 32. Rxc4 Rd8 33. h3 gxh3
34. gxh3 Rd1+ 35. Kg2 Ra1 36. a3 bxa3 37. bxa3 Rxa3 38. Rc7+ Kg6 39. c4 a4 40.
Ra7 Kf5 41. Ra5+ Ke6 42. h4 f5 43. f3 f4 44. Rxh5 Rc3 45. Rc5 Kd6 46. Rc8 Kd7
47. Rc5 Kd6 48. Rc8 Kd7 49. Rc5 Kd6 1/2-1/2

[Event "11. Abierto de la Constitucion"]
[Site "S.S. de los Reyes ESP"]
[Date "2009.12.01"]
[Round "2.14"]
[White "Pareja Alvarez, Diego"]
[Black "Quevedo Marin, Manuel"]
[Result "1/2-1/2"]
[WhiteElo "1918"]
[BlackElo "2171"]
[PlyCount "94"]
[EventDate "2009.11.30"]
[EventType "swiss"]
[EventRounds "9"]
[EventCountry "ESP"]
[Source "lmi"]
[SourceDate "2009.11.30"]

1. e4 c5 2. Nf3 a6 3. d4 cxd4 4. Nxd4 e5 5. Nb3 Nf6 6. Bd3 d5 7. exd5 Nxd5 8.
O-O Nc6 9. a3 Be6 10. Re1 Qh4 11. N1d2 Rd8 12. Qf3 Be7 13. Nc4 Bg4 14. Qg3 Qxg3
15. hxg3 f6 16. Be3 b5 17. Ncd2 Nxe3 18. Rxe3 Nd4 19. a4 Nxb3 20. Nxb3 Rb8 21.
axb5 axb5 22. Ra5 Bd7 23. Be2 Bd8 24. Ra6 Rb6 25. Ra7 Rb8 26. Rd3 Bf5 27. Rd5
O-O 28. Bd3 Bxd3 29. cxd3 Bb6 30. Re7 Rfd8 31. Rdd7 Rxd7 32. Rxd7 Rd8 33. Rxd8+
Bxd8 34. d4 Bb6 35. dxe5 fxe5 36. Kf1 Kf7 37. Ke2 Ke6 38. f3 h5 39. Nd2 Ba5 40.
Ne4 Kd5 41. Kd3 Be1 42. Ke2 Bb4 43. Kd3 Ba5 44. Ng5 Bd8 45. Ne4 g5 46. Nd2 Be7
47. Ne4 b4 1/2-1/2